[Event "Coupe Jean-Claude Loubatiere"]
[Site "Saint Quentin"]
[Date "2019.06.30"]
[Round "5.3"]
[White "Roger Silan, Milo"]
[Black "Floureux, Mathieu"]
[Result "1-0"]
[WhiteElo "1677"]
[BlackElo "1515"]
[PlyCount "105"]
[EventDate "2019.06.29"]
[EventType "team-match"]
[EventRounds "5"]
[EventCountry "FRA"]
[SourceTitle "EXT 2020"]
[Source "ChessBase"]
[SourceDate "2019.10.17"]
[SourceVersion "1"]
[SourceVersionDate "2019.10.17"]
[SourceQuality "1"]

1. d4 Nf6 2. Nf3 g6 3. Bg5 Bg7 4. Nbd2 d6 5. e4 Nfd7 6. c3 c5 7. Be2 Nc6 8. Nc4 Qc7 9. Ne3 Nb6 10. dxc5 dxc5 11. a4 a5 12. Nd5 Nxd5 13. Qxd5 Na7 14. Be3 Be6 15. Qxc5 Qxc5 16. Bxc5 Nc6 17. Bb5 f6 18. 0-0 Kf7 19. Rfd1 Rhd8 20. Bb6 Rxd1+ 21. Rxd1 Bh6 22. Nd4 Nxd4 23. cxd4 Bb3 24. Rd3 Bc2 25. Rh3 Kg7 26. e5 fxe5 27. dxe5 Bf4 28. Rc3 Bf5 29. Rc5 Rc8 30. Rxc8 Bxc8 31. Bc7 Bc1 32. Bxa5 Bxb2 33. f4 Be6 34. Bb6 Bd5 35. Kf2 Bc1 36. g3 g5 37. Be3 Bxe3+ 38. Kxe3 gxf4+ 39. gxf4 h6 40. a5 Kf7 41. Kd4 Bf3 42. Bd7 Kg6 43. Kc5 Kh5 44. Kb6 Kh4 45. Kc7 h5 46. Kd8 Bd5 47. Kxe7 Be4 48. Kd8 Bd5 49. Kc7 Be4 50. e6 Kh3 51. e7+ Kxh2 52. e8Q h4 53. Qxe4 1-0

[Event "Coupe Jean-Claude Loubatiere"]
[Site "Saint Quentin"]
[Date "2019.06.29"]
[Round "2.3"]
[White "Bosquet, Clement"]
[Black "Roger Silan, Milo"]
[Result "1-0"]
[WhiteElo "1515"]
[BlackElo "1677"]
[PlyCount "61"]
[EventDate "2019.06.29"]
[EventType "team-match"]
[EventRounds "5"]
[EventCountry "FRA"]
[SourceTitle "EXT 2020"]
[Source "ChessBase"]
[SourceDate "2019.10.17"]
[SourceVersion "1"]
[SourceVersionDate "2019.10.17"]
[SourceQuality "1"]

1. c4 Nf6 2. Nf3 d6 3. g3 c6 4. Bg2 Nbd7 5. Nc3 e5 6. d3 g6 7. 0-0 Bg7 8. b4 0-0 9. a4 Nh5 10. Rb1 f5 11. b5 e4 12. dxe4 Bxc3 13. bxc6 bxc6 14. Qxd6 Ne5 15. Qa3 Qa5 16. Bh6 Ng7 17. Nxe5 Qxe5 18. exf5 Bxf5 19. Rb7 Rf7 20. Bxc6 Rxb7 21. Bxb7 Rd8 22. Bd5+ Rxd5 23. cxd5 Bh3 24. Rb1 Bd4 25. Bf4 Bxf2+ 26. Kxf2 Qd4+ 27. Qe3 Qf6 28. Rb8+ Kf7 29. Qe5 Qa6 30. Qc7+ Kf6 31. Rf8# 1-0